00541nam a22001937a 450000500170000001000130001702000210003003500130005103700160006404000120008008200180009210000150011024500780012526000410020327000360024430000200028065000210030065000260032120170124110203.0 aA-680127 c00.00a817224133 aA-680127 bCen Lib/Ret aDPLbEN a001.6424bDAS aDas, P. P. aA Comprehensive guide to problems and solutions on pascal /cby P. P. Das aBombaybJaico Publishing Housec1993 a121, M. G. RoadbBombaye400023 a86p. c21cm(Hb) aComputer science aProgramming Languages